日本の独立行政法人 - Statistics

General Stats
  • This quiz has been taken 48 times
  • The average score is 6 of 87
Answer Stats
管轄 % Correct
財務省 造幣局
38%
文部科学省 大学入試センター
36%
国土交通省 都市再生機構
31%
財務省 国立印刷局
26%
消費者庁 国民生活センター
23%
文部科学省 理化学研究所
21%
国土交通省 鉄道建設・運輸施設整備支援機構
21%
内閣府 国立公文書館
18%
経済産業省 産業技術総合研究所
18%
外務省 国際協力機構
15%
厚生労働省 国立病院機構
15%
総務省 統計センター
13%
国土交通省 水資源機構
13%
文部科学省 国立美術館
10%
文部科学省 海洋研究開発機構
10%
環境省 国立環境研究所
10%
内閣府 北方領土問題対策協会
8%
内閣府 日本医療研究開発機構
8%
外務省 国際交流基金
8%
財務省 酒類総合研究所
8%
文部科学省 科学技術振興機構
8%
文部科学省 宇宙航空研究開発機構
8%
文部科学省 日本学生支援機構
8%
文部科学省 国立高等専門学校機構
8%
厚生労働省 国立がん研究センター
8%
農林水産省 家畜改良センター
8%
経済産業省 経済産業研究所
8%
国土交通省 土木研究所
8%
国土交通省 建築研究所
8%
防衛省 駐留軍等労働者労務管理機構
8%
総務省 情報通信研究機構
5%
文部科学省 防災科学技術研究所
5%
文部科学省 日本芸術文化振興会
5%
文部科学省 大学改革支援・学位授与機構
5%
文部科学省 日本原子力研究開発機構
5%
厚生労働省 勤労者退職金共済機構
5%
厚生労働省 国立重度知的障害者総合施設のぞみの園
5%
厚生労働省 国立循環器病研究センター
5%
厚生労働省 国立成育医療研究センター
5%
農林水産省 農林水産消費安全技術センター
5%
農林水産省 農業者年金基金
5%
経済産業省 製品評価技術基盤機構
5%
経済産業省 情報処理推進機構
5%
国土交通省 航空大学校
5%
国土交通省 自動車技術総合機構
5%
国土交通省 日本高速道路保有・債務返済機構
5%
国土交通省 住宅金融支援機構
5%
環境省 環境再生保全機構
5%
総務省 郵便貯金簡易生命保険管理・郵便局ネットワーク支援機構
3%
文部科学省 国立青少年教育振興機構
3%
文部科学省 国立女性教育会館
3%
文部科学省 国立科学博物館
3%
文部科学省 物質・材料研究機構
3%
文部科学省 日本学術振興会
3%
文部科学省 日本スポーツ振興センター
3%
厚生労働省 福祉医療機構
3%
厚生労働省 労働政策研究・研修機構
3%
厚生労働省 労働者健康安全機構
3%
厚生労働省 地域医療機能推進機構
3%
農林水産省 森林研究・整備機構
3%
農林水産省 農畜産業振興機構
3%
農林水産省 農林漁業信用基金
3%
経済産業省 工業所有権情報・研修館
3%
経済産業省 日本貿易振興機構
3%
経済産業省 中小企業基盤整備機構
3%
国土交通省 海上・港湾・航空技術研究所
3%
国土交通省 海技教育機構
3%
国土交通省 国際観光振興機構
3%
国土交通省 自動車事故対策機構
3%
国土交通省 空港周辺整備機構
3%
国土交通省 奄美群島振興開発基金
3%
文部科学省 国立特別支援教育総合研究所
0%
文部科学省 量子科学技術研究開発機構
0%
文部科学省 国立文化財機構
0%
文部科学省 教職員支援機構
0%
厚生労働省 高齢・障害・求職者雇用支援機構
0%
厚生労働省 医療品医療機器総合機構
0%
厚生労働省 医薬基盤・健康・栄養研究所
0%
厚生労働省 年金積立金管理運用独立行政法人
0%
厚生労働省 国立精神・神経医療研究センター
0%
厚生労働省 国立国際医療研究センター
0%
厚生労働省 国立長寿医療研究センター
0%
農林水産省 農業・食品産業技術総合研究機構
0%
農林水産省 国際農林水産業研究センター
0%
農林水産省 水産研究・教育機構
0%
経済産業省 新エネルギー・産業技術総合開発機構
0%
経済産業省 石油天然ガス・金属鉱物資源機構
0%
No matching quizzes found
Score Distribution
Percent of People with Each Score
Percentile by Number Answered
Your Score History
You have not taken this quiz